English know how. Teacher’s handbook 2

Đã lưu trong:
Sonraí Bibleagrafaíochta
Formáid: Leabhar
Clibeanna: Cuir Clib Leis
Gan Chlibeanna, Bí ar an gcéad duine leis an taifead seo a chlibeáil!
Thư viện lưu trữ: Mạng thư viện Đại học Đà Nẵng
LEADER 00424nam a22001691a 4500
001 000037253
003 13548
005 20160412020320.0
008 160412s0 000
082 |a 4A(07)215 
245 |a English know how. Teacher’s handbook 2  |c Gili Adams 
OWN |a LNN 
999 |a From the UDN01 
TYP |a Monograph 
980 |a Mạng thư viện Đại học Đà Nẵng